Engineering Thermodynamics (Record no. 3490)

MARC details
000 -LEADER
fixed length control field 00428nam a22001697a 4500
005 - DATE AND TIME OF LATEST TRANSACTION
control field 20160622105808.0
008 - FIXED-LENGTH DATA ELEMENTS--GENERAL INFORMATION
fixed length control field 160622b xxu||||| |||| 00| 0 eng d
020 ## - INTERNATIONAL STANDARD BOOK NUMBER
ISBN 978-81-317-0206-2
041 ## - LANGUAGE CODE
Language code of text/sound track or separate title eng
082 ## - DEWEY DECIMAL CLASSIFICATION NUMBER
Item number 9130
100 ## - MAIN ENTRY--AUTHOR NAME
Personal name Rogers, Gordon and Mayhew, Yon
245 ## - TITLE STATEMENT
Title Engineering Thermodynamics
260 ## - PUBLICATION, DISTRIBUTION, ETC. (IMPRINT)
Place of publication Delhi
Name of publisher Pearson Education
300 ## - PHYSICAL DESCRIPTION
Number of Pages 637
650 ## - SUBJECT ADDED ENTRY--TOPICAL TERM
Topical Term Diploma Engineering
942 ## - ADDED ENTRY ELEMENTS (KOHA)
Koha item type Books
Holdings
Lost status Damaged status Collection code Home library Current library Shelving location Date acquired Cost, normal purchase price Full call number Accession Number Koha item type
    Reference JRU Library   SHELF-72-C 22/06/2016 725.00 9130 9130 Books
    MINING JRU Library JRU Library SHELF-58-B 22/06/2016 725.00 9130 9131 Books
    MINING JRU Library JRU Library SHELF-58-B 22/06/2016 725.00 9130 9132 Books
    MINING JRU Library JRU Library SHELF-58-B 22/06/2016 725.00 9130 9133 Books
      JRU Library   SHELF-37-N 22/06/2016 725.00 9130 9134 Books